Kemusykilan agama dalam kehidupan harian 7
| Other Authors: | Shihabudin |
|---|---|
| Published: |
Kuala Lumpur:
Jasmin Enterprise,
2003.
|
| Subjects: |
| LEADER | 00563cam a2200181 7i4500 | ||
|---|---|---|---|
| 001 | 0000010762 | ||
| 005 | 20120829090000.0 | ||
| 020 | |a 9789832565383 | ||
| 020 | |a 9832565383 (pbk.) | ||
| 050 | 0 | 0 | |a BP161.2 KEM 2003 |
| 090 | 0 | 0 | |a BP161.2 |b .K48 2003 |
| 245 | 0 | 0 | |a Kemusykilan agama dalam kehidupan harian 7 |c penyusun Ustaz Hj Shihabudin. |
| 260 | |a Kuala Lumpur: |b Jasmin Enterprise, |c 2003. | ||
| 300 | |a viii, 229 p.; |c 21 cm. | ||
| 650 | 0 | 0 | |a Islam -- |x Miscellanea |
| 650 | 0 | 0 | |a Islam |
| 700 | 0 | |a Shihabudin | |
| 999 | |a 0000014602 |b BOK |c OPEN SHELF |e 1st Floor, Bestari Jaya | ||


